Responses for Show #4332 - Tuesday, June 3, 2003

Contestants

[<< previous game]

Eleanor McGourty, a publications coordinator from Milton, Massachusetts

Tim Paetzold, a clinical technician from San Marcos, Texas

Warren Usui, a computer programmer from Pacific Palisades, California (whose 2-day cash winnings total $38,000)

[next game >>]

Jeopardy! Round responses

BIOGRAPHY
PLAY
POEM
"S.A."s
COMEDY
(Alex: And finally, not Greek, but...)
GEEK TRAGEDY
    $200 19
Princess Grace/Grace Kelly

Eleanor
    $200 11
kick the can

Warren
    $200 18
Paul Revere

Tim
    $200 1
South America

Warren
    $200 13
Leslie Nielsen

Warren
    $200 6
Star Trek

Tim
    $400 20
Alexander Hamilton

Tim
    $400 12
bingo

Tim
    $400 24
"The Walrus and the Carpenter"

Eleanor
    $400 2
Salvation Army

Warren
    $400 14
My Big Fat Greek Wedding

Eleanor
    $400 7
"Alpha Geek"

Tim
    $600 21
Dr. Timothy Leary

Warren
    $600 28
polo

Eleanor
    $2,000 25
"The Rime of the Ancient Mariner"

Eleanor
    $600 3
Saudi Arabia

Tim
    $600 15
Scrubs

Warren
    $600 8
Bill Gates

Warren
    $800 22
Margot Fonteyn

Eleanor
    $800 29
Digimon

Tim
    $800 26
"Paradise Lost"

Warren
    $800 4
San Andreas Fault

Tim
    $800 16
Andy Richter

Eleanor
    $800 9
Top Ramen

Warren
    $1000 23
Louis Leakey

Warren
    $1000 30
whist

Warren
    $1000 27
"Stopping by Woods on a Snowy Evening"

Eleanor
    $1000 5
Salvador Allende

Warren
    $1000 17
Analyze That

Eleanor
    $1000 10
cracker

Triple Stumper

Scores at the first commercial break (after clue 15):

Warren Tim Eleanor
$4,000 $2,400 $400

Scores at the end of the Jeopardy! Round:

Warren Tim Eleanor
$7,400 $3,800 $7,200

Double Jeopardy! Round responses

COUNTRY MATTERS
ALBUMS
CURRENT GOVERNORS
(Alex: You have to identify the state.)
MACHINES
COMPOSERS
BEFORE & AFTER
    $400 16
Italy

Tim
    $400 1
Rumours

Warren
    $400 26
California

Warren
    $400 21
mechanical bull

Tim
    $400 10
Ludwig van Beethoven

Eleanor
    $400 2
The Full Monty Python

Warren
    $800 17
(Alex: Althing is the name of Iceland's parliament.)

Iceland

Triple Stumper
    $800 5
Tammy Wynette

Tim
    $800 27
Ohio

Warren
    $800 22
(Warren: What is computing?)

Adding

Warren
Triple Stumper
    $800 11
(Tim: Who is Handel?)

Richard Wagner

WarrenTim
    $800 3
Blue Hawaii Five-O

Warren
    $1200 18
(Tim: What is Nepal?)

Thailand

WarrenTim
    $1200 6
"Double Fantasy"

Tim
    $1200 28
(Warren: What is Louisiana?)
[The end-of-round signal sounds.]

Arkansas

Warren
Triple Stumper
    $1200 23
(Alex: Minute to go.)

microfilm

Tim
    $11,000 12
Johann Sebastian Bach

Warren
    $1200 4
(Warren: What is Bill Pullman Sleeper?)
...
(Alex: Warren, our judges have accepted your response.)

Bill Pullman Car

WarrenTim
    $1600 19
Macedonia

Eleanor
    $1600 7
the Brown Dirt Cowboy

Triple Stumper
    $1600 24
separator

Warren
    $1600 14
Jean Sibelius

Eleanor
    $1600 9
F. Murray Abraham Lincoln

Eleanor
    $2000 20
(Warren: What is New Guinea?)
(Eleanor: What is Papua New Guinea?)

Guinea-Bissau

WarrenEleanor
Triple Stumper
    $2000 8
Damn Right, I've Got the Blues

Triple Stumper
    $5 25
(Warren: [No response])

automaton

Warren
    $2000 15
(Warren: What is Jackson?)

John Adams

Warren
Triple Stumper
    $2000 13
A Room With a View to a Kill

Warren

Scores at the end of the Double Jeopardy! Round:

Warren Tim Eleanor
$21,995 $7,000 $10,400
(lock game)

[wagering suggestions for these scores]

Final Jeopardy! Round responses

MEDICAL PRODUCTS
(Alex: We'll say goodbye; Warren will bet big tomorrow, we'll see!)
TimWhat is Band Aid
$7,000
EleanorWhat is Band-Aid?
$3,601
WarrenWhat is Band Aid?
$5
St. Joseph aspirin

Final scores:

Warren Tim Eleanor
$21,990 $0 $6,799
3-day champion: $59,990 3rd place: $1,000 2nd place: $2,000

Game dynamics:

Coryat scores:

Warren Tim Eleanor
$12,200 $7,000 $9,000
23 R
(including 1 DD),
5 W
(including 1 DD)
14 R,
2 W
13 R
(including 1 DD),
1 W

Combined Coryat: $28,200

[game clues] [game scores] [suggest correction]

Game tape date: 2003-02-18
The J! Archive is created by fans, for fans. Scraping, republication, monetization, and malicious use prohibited; this site may use cookies and collect identifying information. See terms. The Jeopardy! game show and all elements thereof, including but not limited to copyright and trademark thereto, are the property of Jeopardy Productions, Inc. and are protected under law. This website is not affiliated with, sponsored by, or operated by Jeopardy Productions, Inc. Join the discussion at JBoard.tv.